1590 1502 1744 1544 1212 1232 1041 1485 1522 1489 1994 1612 1511 1412 1541 1524 1151 1947 1959 1638 1977 1789 1766 1673 1393 1217 1914 1600 1659 1757 1102 1332 1306 1147 1769 1435 1655 1763 1499 1708 1596 1279 1754 1935 1892 1613 1972 1246 1223 1543 1178 1737 1202 1253 1935 1593 1886 1040 1751 1052 1665 1635 1611 1915 1274 1827 1435 1285 1062 1338 1499 1527 1803 1024 1542 1195 1743 1843 1711 1187 1214 1437 1577 1287 1261 1636 1557 1145 1731 1914 1247 1480 1939 1343 1079 1634 1544 1945 1793 BCNSPRNW ULIB Ver.6.0+V

เปลี่ยนเป็นภาษาไทย

Change to English
 แสดงรายละเอียดบรรณานุกรม
  กลับหน้าหลัก

Brief Record : Get Marc (ISO 2709) : E-mail record : QR code < ปิดหน้าต่าง
LEADER : 00000nam 2200000uu 4500
001    13399125580
003     ULIB
008    170701s2558||||th 000 0 tha d
020    ^a9786160433308
060    ^aQV766^bพ128ก
100    ^aพงศ์เทพ สิทธิน้อย
245    ^aกินเป็น สุขภาพดี 24 ชั่วโมง/^cพงศ์เทพ สิทธิน้อย
250    ^aพิมพ์ครั้งที่ 1
260    ^aนนทบุรี :^bเอ็น เค มีเดีย,^c2558
300    ^a143 หน้า;^b21 ซม.
650    ^aสุขภาพ
945    ^p99^l0^i25238
999    ^aทศพร เกษรทอง
รายการนี้ยังไม่มีแท็ก
คุณยังไม่ได้ล็อกอิน คุณสามารถมีกิจกรรมร่วมกับเว็บไซต์ได้ แต่ต้องล็อกอินก่อน ::
  ล็อกอิน

รายการสื่อสารสนเทศ

ลำดับที่ ประเภท เลขเรียก/บาร์โค้ด สถานที่ สถานะ
1. วิทยาศาสตร์การแพทย์ และสุขภาพ
วิทยาศาสตร์การแพทย์ และสุขภาพ
สถานะ=หนังสือเก่า
QV766 พ128ก ฉ.1 
  Barcode: 25238
ห้องสมุดวิทยาเขตนครสวรรค์
►ส่วนจัดเก็บหนังสือเก่า นว.
บนชั้น
  ขอยืม

รายการใกล้เคียง
    ผู้แต่ง [พงศ์เทพ สิทธิน้อย]

    หัวเรื่อง [สุขภาพ]

BibComment


ยังไม่เคยถูกคอมเมนท์

คอมเมนท์ทรัพยากรรายการนี้
  คอมเมนท์: กินเป็น สุขภาพดี..


 Copyright 2026. Bcnsprnw @Library